Statistiche per Elenca la formazione - Quiz n°51

Clicka qui per fare il quiz!

Statistiche generali

  • Questo quiz è stato fatto 11 volte
  • Il punteggio medio è 6 su 11

Statistiche sulle risposte

RuoloNazioneCalciatore% Corretto
AlaCroaziaIvica Olić
82%
AttaccanteGermaniaMiroslav Klose
82%
DifensoreGermaniaPhilipp Lahm
82%
DifensoreArgentinaMartín Demichelis
73%
TrequartistaGermaniaThomas Müller
73%
CentrocampistaGermaniaBastian Schweinsteiger
64%
DifensoreGermaniaHolger Badstuber
64%
AlaTurchiaHamit Altıntop
55%
DifensoreGermaniaDiego Contento
27%
CentrocampistaCroaziaDanijel Pranjić
9%
PortiereGermaniaThomas Kraft
0%

Distribuzione punteggi

Percentile per numero di risposta

Percentuale di utenti per punteggio

I tuoi punteggi nel tempo

Non hai fatto questo quiz